Soccer Team Logo A-Z - Statistics

General Stats
  • This quiz has been taken 88 times
  • The average score is 15 of 23
Answer Stats
Picture Hint Answer % Correct
C Chelsea
96%
J Juventus
87%
E Everton
86%
G Galatasaray
84%
N Napoli
81%
T Tottenham
80%
V Valencia
80%
O Olympiacos
76%
I Ipswich
75%
W Wolverhampton
75%
U Udinese
67%
Q Queens Park Rangers
66%
F Flamengo
61%
A Ajax Amsterdam
59%
R Riverplate
59%
L Lens
53%
H Hamburger
52%
P Palmeiras
51%
M Montpellier
44%
S Saint-Etienne
42%
K Kaiserslautern
41%
D Dijon
37%
B Borisov
25%
No matching quizzes found
Score Distribution
Percent of People with Each Score
Percentile by Number Answered
Your Score History
You have not taken this quiz